| 000 | 00873nam a2200265 a 4500 | ||
|---|---|---|---|
| 001 | 49517 | ||
| 003 | BD-RjUL | ||
| 005 | 20211209054705.0 | ||
| 008 | 160821s1985 ii 001 0 eng | ||
| 020 | _c: TK. 100.00 | ||
| 035 | _a(BD-RjUL)49636 | ||
| 040 |
_aDLC _cDLC _dDLC _dBD-RjUL _beng |
||
| 041 | _aeng | ||
| 082 | 0 | 0 |
_a362.954 _223 _bCHP 1985 |
| 100 | 1 |
_aChowdhry, D. Paul _9148548 |
|
| 245 | 1 | 0 |
_aProfile of social welfare and development in India / _cD. Paul Chowdhry |
| 260 |
_aNew Delhi : _bM.N. Publishers & Distributors, _c1985. |
||
| 300 |
_aviii, 340 p. ; _c22 cm. |
||
| 504 | _aIncludes bibliographical references and index. | ||
| 650 | 0 |
_aPublic welfare _zIndia. _9148549 |
|
| 650 | 0 |
_aVolunteer workers in social service _zIndia. _9148550 |
|
| 650 | 0 |
_aSocial security _zIndia. _9148551 |
|
| 650 | 0 |
_aRural development _zIndia. _9148552 |
|
| 942 |
_2ddc _cBK |
||
| 999 |
_c49517 _d49517 |
||